Philosophies of Social Science: the classic and contemporary readings (Record no. 8861)
[ view plain ]
| 000 -LEADER | |
|---|---|
| fixed length control field | 00580nam a22002057a 4500 |
| 003 - CONTROL NUMBER IDENTIFIER | |
| control field | OSt |
| 005 - DATE AND TIME OF LATEST TRANSACTION | |
| control field | 20240625164345.0 |
| 008 - FIXED-LENGTH DATA ELEMENTS--GENERAL INFORMATION | |
| fixed length control field | 240625b |||||||| |||| 00| 0 eng d |
| 020 ## - INTERNATIONAL STANDARD BOOK NUMBER | |
| International Standard Book Number | 0335208843 |
| 040 ## - CATALOGING SOURCE | |
| Transcribing agency | DDC |
| 082 ## - DEWEY DECIMAL CLASSIFICATION NUMBER | |
| Classification number | 300.1 PHI 2003 |
| 100 ## - MAIN ENTRY--PERSONAL NAME | |
| Personal name | Edited by Gerard, Delanty |
| 9 (RLIN) | 17900 |
| 245 ## - TITLE STATEMENT | |
| Title | Philosophies of Social Science: the classic and contemporary readings |
| 260 ## - PUBLICATION, DISTRIBUTION, ETC. (IMPRINT) | |
| Place of publication, distribution, etc. | Open University press, 2003 |
| 300 ## - PHYSICAL DESCRIPTION | |
| Extent | xii,481p; ill: 24.5cm |
| 500 ## - GENERAL NOTE | |
| General note | Reference included |
| 650 ## - SUBJECT ADDED ENTRY--TOPICAL TERM | |
| Topical term or geographic name as entry element | Social science |
| 9 (RLIN) | 7174 |
| 650 ## - SUBJECT ADDED ENTRY--TOPICAL TERM | |
| Topical term or geographic name as entry element | philosophy |
| 9 (RLIN) | 6457 |
| 942 ## - ADDED ENTRY ELEMENTS (KOHA) | |
| Source of classification or shelving scheme | Dewey Decimal Classification |
| Koha item type | Open Shelf |
| Withdrawn status | Lost status | Source of classification or shelving scheme | Damaged status | Not for loan | Home library | Current library | Date acquired | Source of acquisition | Inventory number | Total Checkouts | Full call number | Barcode | Date last seen | Price effective from | Koha item type |
|---|---|---|---|---|---|---|---|---|---|---|---|---|---|---|---|
| Dewey Decimal Classification | MUST Main Library | MUST Main Library | 25/06/2024 | Donation | 04/22021 | 300.1 PHI 2003 | 2024-21343 | 25/06/2024 | 25/06/2024 | Open Shelf |
